| Tag |
First Indicator |
Second Indicator |
Subfields |
| LEADER |
00000cam a22000001a 4500 |
| 001 |
in00003382425 |
| 006 |
m d f |
| 007 |
cr bn mmmapmmp |
| 008 |
100715s1993 dcu o f000 0 eng d |
| 005 |
20260501141109.7 |
| 035 |
|
|
|a cis2007886478
|
| 040 |
|
|
|a ProQuest
|c ProQuest
|d UtOrBLW
|
| 043 |
|
|
|a n-us---
|
| 099 |
|
|
|a CRS-1993-EPW-0022
|
| 110 |
2 |
|
|a Library of Congress.
|b Congressional Research Service.
|
| 245 |
1 |
0 |
|a Earned Income Tax Credit :
|b A Fact Sheet.
|
| 264 |
|
1 |
|a [Place of publication not identified] :
|b [publisher not identified],
|c 1993.
|
| 300 |
|
|
|a 1 online resource.
|
| 336 |
|
|
|a text
|b txt
|2 rdacontent
|
| 337 |
|
|
|a computer
|b c
|2 rdamedia
|
| 338 |
|
|
|a online resource
|b cr
|2 rdacarrier
|
| 500 |
|
|
|a Record is based on bibliographic data in ProQuest U.S. Congressional Research Digital Collection (last viewed July 2010). Reuse except for individual research requires license from ProQuest, LLC.
|
| 500 |
|
|
|a CRS Report.
|
| 520 |
|
|
|a Reviews the background and legislative history of the Earned Income Tax Credit program, maximum and average credit amounts, and program cost and participation.
|
| 500 |
|
|
|a Electronic resource.
|
| 650 |
|
0 |
|a Earned income tax credit.
|
| 650 |
|
0 |
|a Legislative histories.
|
| 655 |
|
7 |
|a Electronic books.
|2 local
|
| 710 |
2 |
|
|a ProQuest (Firm)
|
| 776 |
0 |
8 |
|i Microfiche version:
|a Library of Congress.
|b Congressional Research Service.
|t Earned Income Tax Credit
|
| 830 |
|
0 |
|a U.S. Congressional Research.
|
| 856 |
4 |
0 |
|u http://proxy.library.tamu.edu/login?url=https://congressional.proquest.com/congcomp/getdoc?CRDC-ID=CRS-1993-EPW-0022
|z Connect to the full text of this electronic book
|t 0
|
| 999 |
|
|
|a MARS
|
| 999 |
f |
f |
|s c4ed2d4f-30b4-3795-a400-3a4d14ec9d3a
|i e9122b35-37de-3144-bf66-cbf919b4121d
|t 0
|
| 952 |
f |
f |
|a Texas A&M University
|b College Station
|c Electronic Resources
|s www_evans
|d Available Online
|t 0
|e CRS-1993-EPW-0022
|h Other scheme
|
| 998 |
f |
f |
|a CRS-1993-EPW-0022
|t 0
|l Available Online
|